000 00972nam a22002897a 4500
001 BR7901173
003 BR-BrBNA
005 20230928085940.0
007 ta
008 230509b bl.||||| |||| 00| 0 por d
040 _aBR-BrBNA
_bpor
_cBiblioteca Nacional de Agricultura
041 _a(Por)
072 _aE70
_b/G514
090 _ E70 BR7901173
100 1 _aNascimento, P.R.
110 1 _aInstituto Brasileiro de Desenvolvimento Florestal, Brasilia, DF (Brasil). Coordenadoria de Planejamento
_95730
245 1 _aAnalise do sistema de comercializacao interna de madeira e derivados; regioes sul/sudeste. Subsidios do sub-setor florestal aos estudos perspectivos para o periodo 1979/85 [Brasil]
_bPt. 2
260 3 _aBrasilia, DF (Brasil):
_c1978.
300 _a209 p.
500 _a42 ref.
650 _aCOMERCIALIZACAO
650 _aMADEIRA
650 _aREGIAO SUL
650 _aREGIAO SUDESTE
909 _a202309
_bLucia
_c55
_dLucia Elande
942 _cBK
999 _c27139
_d27139